All Queen Songs - Statistics

General Stats
  • This quiz has been taken 84 times
  • The average score is 51 of 182
Answer Stats
Queen % Correct
Bohemian Rhapsody
88%
Killer Queen
85%
We Are the Champions
76%
We Will Rock You
76%
Radio Ga Ga
75%
Innuendo
71%
Bicycle Race
68%
Don't Stop Me Now
66%
I Want to Break Free
66%
Somebody to Love
66%
Another One Bites the Dust
64%
Fat Bottomed Girls
64%
A Kind of Magic
63%
Under Pressure
63%
The Miracle
61%
Seven Seas of Rhye
59%
I'm in Love with My Car
58%
I Want It All
58%
Sheer Heart Attack
58%
Keep Yourself Alive
56%
Love of My Life
56%
The Show Must Go On
56%
You're My Best Friend
56%
Crazy Little Thing Called Love
54%
Good Old-Fashioned Lover Boy
54%
Made in Heaven
51%
Hammer to Fall
49%
Play the Game
49%
Who Wants to Live Forever
46%
Brighton Rock
44%
Save Me
44%
Tie Your Mother Down
44%
39
42%
Now I'm Here
42%
It's a Hard Life
41%
One Vision
41%
Stone Cold Crazy
41%
The March of the Black Queen
41%
Death on Two Legs (Dedicated to...)
39%
God Save the Queen
39%
In the Lap of the Gods
39%
Jesus
39%
Lily of the Valley
39%
Mustapha
39%
Spread Your Wings
39%
The Invisible Man
39%
The Prophet's Song
39%
Breakthru
37%
Cool Cat
37%
Friends Will Be Friends
37%
Great King Rat
37%
White Queen (As It Began)
37%
I'm Going Slightly Mad
36%
Lazing on a Sunday Afternoon
36%
Liar
36%
Tenement Funster
36%
Don't Try Suicide
34%
Headlong
34%
Misfire
34%
My Fairy King
34%
These Are the Days of Our Lives
34%
All Dead, All Dead
32%
Father to Son
32%
Flick of the Wrist
32%
Nevermore
32%
Princes of the Universe
32%
Sweet Lady
32%
It's Late
31%
Ogre Battle
31%
Procession
31%
The Millionaire Waltz
31%
Heaven For Everyone
29%
More of That Jazz
29%
Seaside Rendezvous
29%
Back Chat
27%
Bring Back That Leroy Brown
27%
Delilah
27%
Doing All Right
27%
Dreamer's Ball
27%
Drowse
27%
Good Company
27%
Sail Away Sweet Sister
27%
The Fairy Feller's Master-Stroke
27%
Too Much Love Will Kill You
27%
Dragon Attack
25%
White Man
25%
Body Language
24%
Jealousy
24%
My Melancholy Blues
24%
Son and Daughter
24%
Teo Torriatte (Let Us Cling Together)
24%
The Night Comes Down
24%
Fun It
22%
In Only Seven Days
22%
Is This the World We Created...?
22%
I Was Born to Love You
22%
Long Away
22%
Party
22%
Scandal
22%
She Makes Me (Stormtrooper in Stilettoes)
22%
Thank God It's Christmas
22%
Coming Soon
20%
Flash's Theme
20%
Machines (or 'Back to Humans')
20%
Sleeping on the Sidewalk
20%
You and I
20%
Calling All Girls
19%
Dead on Time
19%
Dear Friends
19%
Funny How Love Is
19%
Get Down, Make Love
19%
Las Palabras de Amor (The Words of Love)
19%
Modern Times Rock 'n' Roll
19%
Some Day One Day
19%
The Loser in the End
19%
Who Needs You
19%
A Winter's Tale
17%
Bijou
17%
Fight from the Inside
17%
Khashoggi's Ship
17%
Let Me Entertain You
17%
Life Is Real (Song for Lennon)
17%
Mother Love
17%
Pain Is So Close to Pleasure
17%
Rain Must Fall
17%
Tear It Up
17%
You Take My Breath Away
17%
Action This Day
15%
Don't Lose Your Head
15%
Man on the Prowl
15%
Need Your Loving Tonight
15%
One Year of Love
15%
Rock It (Prime Jive)
15%
Was It All Worth It
15%
Dancer
14%
If You Can't Beat Them
14%
It's a Beautiful Day
14%
Keep Passing the Open Windows
14%
Ride the Wild Wind
14%
The Hitman
14%
Gimme the Prize (Kurgan's Theme)
12%
I Can't Live with You
12%
Let Me Live
12%
My Baby Does Me
12%
Put Out the Fire
12%
Staying Power
12%
13
10%
All God's People
10%
Leaving Home Ain't Easy
10%
Mad the Swine
10%
See What a Fool I've Been
10%
The Hero
10%
The Kiss (Aura Resurrects Flash)
10%
Yeah
10%
You Don't Fool Me
10%
A Human Body
8%
Chinese Torture
8%
Don't Try So Hard
8%
Feelings Feelings
8%
I Go Crazy
8%
My Life Has Been Saved
8%
Hang On In There
7%
Hijack My Heart
7%
Soul Brother
7%
Stealin'
7%
The Wedding March
7%
Execution of Flash
5%
Football Fight
5%
Lost Opportunity
5%
Arboria (Planet of the Tree Men)
3%
Ming's Theme (In the Court of Ming the Merciless)
3%
The Ring (Hypnotic Seduction of Dale)
3%
Battle Theme
2%
Crash Dive on Mingo City
2%
Escape from the Swamp
2%
Flash to the Rescue
2%
In the Death Cell (Love Theme Reprise)
2%
In the Space Capsule (The Love Theme)
2%
Marriage of Dale and Ming (And Flash Approaching)
2%
Vultan's Theme (Attack of the Hawk Men)
2%
Rock in Rio Blues
0%
No matching quizzes found
Score Distribution
Percent of People with Each Score
Percentile by Number Answered
Your Score History
You have not taken this quiz